=LDR 00000nam 2200000 4500 =001 INLIS000000000061246 =005 20220930083113 =035 ##$$a 0010-0922000068 =007 ta =008 220930###########################0#ind## =082 ##$$a 297.615 22 =084 ##$$a 297.615 22 Kha k =100 #$$a Khairani Hasyim =245 1#$$a Kamu itu Berharga /$c Khairani Hasyim =260 ##$:$b Akademi Trainer Publishing,$c 2021 =300 ##$$a 193 halaman : $b ilustrasi ; $c 21 cm =650 #4$$a Islam dan Emansipasi =990 ##$$a 22802280